Global terrestrial obverving system : Coastal GTOS strategic design and phrase 1 implementation plan
This publication discusses the strategy developed by a panel of scientific experts in order to establish a coastal module of the Global Terrestrial Observing System (GTOS). This system is designed to detect, assess and predict global and large-scale regional change associated with land-based, wetlan...
Đã lưu trong:
| 格式: | 圖書 |
|---|---|
| 語言: | Undetermined |
| 出版: |
Rome
FAO/UNESCO
2005
|
| 主題: | |
| 標簽: |
添加標簽
沒有標簽, 成為第一個標記此記錄!
|
| Thư viện lưu trữ: | Trung tâm Học liệu Trường Đại học Cần Thơ |
|---|
| LEADER | 01184nam a2200205Ia 4500 | ||
|---|---|---|---|
| 001 | CTU_103766 | ||
| 008 | 210402s9999 xx 000 0 und d | ||
| 082 | |a 363.73824 | ||
| 082 | |b G562 | ||
| 245 | 0 | |a Global terrestrial obverving system : | |
| 245 | 0 | |b Coastal GTOS strategic design and phrase 1 implementation plan | |
| 245 | 0 | |c Christian, R. R. ... [et al.] | |
| 260 | |a Rome | ||
| 260 | |b FAO/UNESCO | ||
| 260 | |c 2005 | ||
| 520 | |a This publication discusses the strategy developed by a panel of scientific experts in order to establish a coastal module of the Global Terrestrial Observing System (GTOS). This system is designed to detect, assess and predict global and large-scale regional change associated with land-based, wetland and freshwater ecosystems in coastal areas. The publication covers design and integration issues involved, as well as key steps for implementation during the initial phase of the programme. | ||
| 650 | |a Global terrestrial observing system ( organization ),Global observing system ( meteorology ),Coastal zone management | ||
| 650 | |x International cooperation | ||
| 904 | |i Minh | ||
| 980 | |a Trung tâm Học liệu Trường Đại học Cần Thơ | ||